Otro juicio sin justicia : FCB VS Banamex : disfunción del Consejo de la Judicatura /

El propósito del autor lo señala en la presentación de su obra: a) Denunciar la arbitrariedades de los juzgadores; b) Ofrecer un diagnóstico del por qué se dan tales arbitrariedades; c) Ofrecer una solución práctica para su eliminación. La causa que da lugar a enderezar la denuncia de irregularidade...

Description complète

Enregistré dans:
Détails bibliographiques
Auteur principal: Cisneros Barrón, Fernando (autor)
Autres auteurs: Carrancá y Rivas, Raúl (prólogo) (prólogo)
Format: Livre
Langue:espagnol
Publié: México : Castellanos, 2005, c2005
Sujets:
Tags: Ajouter un tag
Pas de tags, Soyez le premier à ajouter un tag!

MARC

LEADER 00000nam^a2200000^a^4500
001 000307636
005 20250521000000.0
009 20260310112854.17
020 |a 968-5573-04-2 
025 |a Donación Manuel González Morfín, 1 ejemplar 
037 |a Acervo Xavier Clavigero 
041 |a ESP 
082 |a 347. 72  |b CIS 
100 |a Cisneros Barrón, Fernando  |e (autor) 
245 1 0 |a Otro juicio sin justicia :  |b FCB VS Banamex : disfunción del Consejo de la Judicatura /  |c F. Cisneros Barrón ; pról. de R. Carrancá y Rivas. 
264 4 |a México :  |b Castellanos,  |c 2005, c2005 
300 |a 203 p. 
336 |a texto  |b txt  |2 rdacontenido 
337 |a sin mediación  |b n  |2 rdamedio 
338 |a volumen  |b nc  |2 rdasoporte 
520 |a El propósito del autor lo señala en la presentación de su obra: a) Denunciar la arbitrariedades de los juzgadores; b) Ofrecer un diagnóstico del por qué se dan tales arbitrariedades; c) Ofrecer una solución práctica para su eliminación. La causa que da lugar a enderezar la denuncia de irregularidades emanadas del proceso en contra de jueces, magistrados y ministros del Poder Judicial es un juicio entablado entre Banamex y una pareja de acreedores. 
649 |a XX 
650 |a Jueces Mexicanos 
650 |a Consejo de la Judicatura Federal -  |z México 
650 |a Suprema Corte de Justicia de la Nación -  |z México 
650 |a Poder Judicial -  |z México -  |x Tema Principal 
650 |a Corrupción -  |z México 
650 |a Responsabilidad (Derecho) -  |z México 
650 |a Justicia -  |x Administración -  |z México 
650 |a Amparo -  |z México 
650 |a Derecho Procesal -  |z México 
650 |a Derecho Público -  |z México 
700 |a Carrancá y Rivas, Raúl  |e (prólogo) 
910 |a Fondo Manuel González Morfín S.J. 
920 |a Impresos - Libros 
930 |a Fondos Especiales 
905 |a 121 
901 |a 0500193763  |b IT2  |c ESP  |i D  |u 20250521 
902 |a https://opac.biblio.iteso.mx/vufind/Record/000307636